000
00335 a2200157 4500
001
56846
020
_a
8532239048
040
_c
Anchieta - Pituba
100
_a
Galdino, Luiz
240
1
0
_a
O destino de Perseu
_l
por
245
1
0
_a
O destino de Perseu
300
_a
95
362
0
_a
1999
650
4
_a
Literatura juvenil
942
_c
BK
999
_c
56846
_d
56846